Follow the instructions - sudden death - Statistics

General Stats
  • This quiz has been taken 89 times
  • The average score is 4 of 11
Answers on the Grid
Answers color-coded by a green-red scale on the quiz's grid according to % correct below.
1. Click this button
2. Don't trust any buttons with a lowercase first letter
3. Don't click this button
4. don't do what multiples of 8 say
5. Don't click number 4
6. don't click this button
7. Click 2
8. Number 7 is true
9. click 4
10. Click 2 x 8
11. Click the next 3 odd numbers
12. Only trust animals that are reptiles
13. Sharks
14. Don't click me
15. click 14
16. Every number that begins with 2 is true
17. don't click me
18. lizards
19. Frogs
10. Good Job!
 
Answer Stats
Answer % Correct
1. Click this button
100%
2. Don't trust any buttons with a lowercase first letter
85%
6. don't click this button
38%
5. Don't click number 4
26%
16. Every number that begins with 2 is true
24%
13. Sharks
21%
15. click 14
21%
17. don't click me
21%
18. lizards
15%
10. Good Job!
12%
10. Click 2 x 8
0%
No matching quizzes found
Score Distribution
Percent of People with Each Score
Percentile by Number Answered
Your Score History
You have not taken this quiz